000 00471nam a2200121Ia 4500
008 171212s9999 xx 000 0 und d
020 _a9780833059062
100 _aConnable, Ben;Campbell, Jason;Loidolt, Bryce;Fisher, Gail
245 _cConnable, Ben;Campbell, Jason;Loidolt, Bryce;Fisher, Gail
_aAssessing Freedom of Movement for Counterinsurgency Campaigns
260 _bRAND Corporation
_c2012
650 _aHistory
856 _uwww.jstor.org/stable/10.7249/j.ctt3fh05h
999 _c351753
_d351753